000 02126nam0a2200433 4500
001 RU\NLR\bibl\1768840
005 20250616130839.0
010 _a978-5-9547-0106-7
_9100
021 _aRU
_b2011-30027
_92129
035 _a(nilc)RSL-KNO-004933973
035 _a(NLR Aleph) 001759624
090 _a1570100
_c1570100
100 _a20110425d2011 |||y0rusy50 ca
101 0 _arus
102 _aRU
105 _ay |||||||||
200 1 _aОсновы бухгалтерского учета и налогообложения
_eучебный модуль
_e[для слушателей, обучающихся по программе подготовки специалистов квалификации "Мастер делового администрирования" (MBA)]
_fГ.Е. Машинистова
_gВсерос. акад. внеш. торговли [Минэкономразвития России, Фак. проф. прогр. ВАВТ]
210 _aМосква
_cВАВТ
_d2011
215 _a129 с.
_d30
225 1 _aМодульная серия "Экономист-международник"
300 _aНа 4-й с. авт.: Машинистова Г.Е., к.э.н., доц.
300 _aНа обл. авт. не указан
320 _aБиблиогр.: с. 7 (18 назв.)
320 _aДр. кн. авт.: с. 5
606 1 _aБухгалтерский учет
_jУчебные издания
_yРоссийская Федерация
_92073607
_3RU\NLR\auth\661248526
606 1 _aНалоговое обложение
_jУчебные издания
_yРоссийская Федерация
_92081365
_3RU\NLR\auth\661257343
686 _aУ052.9(2)20я73-1
_2rubbk
686 _aУ052.9(2)2я7
686 _aУ26(2)141.3я7
686 _aХ622.2я7
700 1 _aМашинистова
_bГ. Е.
_gГалина Евгеньевна
_4070
801 0 _aRU
_bRuMoRKP
_c20110425
_grcr
801 1 _aRU
_bРГБ
_c20110425
801 2 _aRU
_bNLR
_c20110513
_grcr
942 _cBOOK
980 _aNB
980 _aNBR